000
00241nam a2200109Ia 4500
008
220204s9999 xx 000 0 und d
082
_a
82-3
_b
HYN
100
_a
Hynd, Noel
245
0
_a
Revenge
260
_a
New York
_b
Dell
_c
1976
942
_c
BK
999
_c
30939
_d
30939